000 01928nam0a2200349 4500
001 RU\NLR\BIBL_A\022764753
005 20260622110813.0
010 _a978-5-00270-533-7
_930
021 _aRU
_bКН-П-26-007080
_9КН-П-26-0688
035 _a(NLR Aleph) 022764753
090 _a13733783
_c13733783
100 _a20260324d2026 u y0rusy50 ca
101 0 _arus
102 _aRU
105 _aab j 000yy
181 0 _ai
_baxxe
182 0 _an
200 1 _aГидравлика и гидрология
_eучебное пособие
_eдля студентов вузов железнодорожного транспорта, обучающихся по специальности 23.05.06 "Строительство железных дорог, мостов и транспортных тоннелей", специализации "Строительство магистральных железных дорог" и "Управление техническим состоянием железнодорожного пути"
_fТ. А. Лупина
203 _aТекст
_bвизуальный
_cнепосредственный
205 _aИзд. 2-е, перераб. и доп.
210 _aМосква
_cПеро
_d2026
215 _a193 с.
_cил., цв. ил., карта, табл.
_d21
320 _aБиблиогр.: с. 188–189 (13 назв.)
606 1 _aГидравлика
_jУчебные издания для высших учебных заведений
_2nlr_sh1
_2nlr_sh2
_3RU\NLR\AUTH\6692643
606 1 _aГидрология
_jУчебные издания для высших учебных заведений
_2nlr_sh1
_2nlr_sh2
_3RU\NLR\AUTH\6638550
686 1 _aД22я73
686 1 _aЖ123я73-1
700 1 _aЛупина
_bТ. А.
_gТатьяна Авинеровна
942 _cBOOK
980 _aNB